Państwa według przychodów lig sportowych - Statystyki

Ogólne statystyki
  • Ten quiz został rozwiązany 7 038 razy
  • Średni wynik to 15 z 18
Statystyki odpowiedzi
Miliardy $ Państwo % Poprawnych
2,67 Hiszpania
98%
4,19 Niemcy
96%
2,04 Francja
95%
31,4 Stany Zjednoczone
95%
7,05 Wielka Brytania
95%
2,19 Włochy
93%
0,958 Brazylia
88%
0,389 Chiny
85%
0,803 Rosja
85%
0,338 Argentyna
83%
2,08 Japonia
80%
1,65 Kanada
79%
0,604 Meksyk
77%
0,536 Holandia
72%
0,624 Australia
69%
0,459 Indie
68%
0,303 Belgia
64%
1,07 Korea Południowa
54%
Nie znaleziono quizów pasujących do podanych kryteriów
Rozkład punktacji
Procent ludzi z każdym wynikiem
Percentyl według liczby udzielonych odpowiedzi
Twoja historia wyników
Nie rozwiązałeś tego quizu